[Event "Titled Tuesday intern op 14th April"]
[Site "Chess.com INT"]
[Date "2020.04.14"]
[Round "3"]
[White "Gang, Kitty"]
[Black "Manukian, Artak"]
[Result "0-1"]
[WhiteElo "2126"]
[BlackElo "2196"]
[PlyCount "76"]
[EventDate "2020.04.14"]
[EventType "swiss (blitz)"]
[EventRounds "10"]
[EventCountry "USA"]
[SourceTitle "EXT 2021"]
[Source "ChessBase"]
[SourceDate "2020.10.23"]
[SourceVersion "1"]
[SourceVersionDate "2020.10.23"]
[SourceQuality "1"]

1. c4 Nf6 2. Nc3 g6 3. g3 Bg7 4. Bg2 0-0 5. e4 e5 6. Nge2 c5 7. d3 Nc6 8. 0-0 d6 9. h3 Nd4 10. Rb1 h5 11. Kh2 Kh7 12. Nxd4 cxd4 13. Ne2 Rb8 14. b4 a5 15. b5 h4 16. f4 hxg3+ 17. Nxg3 Nd7 18. f5 Nc5 19. Ba3 Qh4 20. b6 Bd7 21. Bc1 Bh6 22. Bxh6 Qxh6 23. Rf3 Kg8 24. Qe1 Ra8 25. Bf1 Ra6 26. Qf2 Na4 27. fxg6 fxg6 28. Rxf8+ Qxf8 29. Qd2 Nc3 30. Rb2 a4 31. a3 Ra8 32. Qe2 Qf4 33. Qe1 Rf8 34. Bg2 Qe3 35. Qxe3 dxe3 36. Ne2 Rf2 37. Nxc3 Rxb2 38. Nd5 e2 0-1

[Event "Titled Tuesday intern op 14th April"]
[Site "Chess.com INT"]
[Date "2020.04.14"]
[Round "5"]
[White "Gang, Kitty"]
[Black "Nilsen, Tobias Lang"]
[Result "1-0"]
[WhiteElo "2126"]
[BlackElo "2170"]
[PlyCount "33"]
[EventDate "2020.04.14"]
[EventType "swiss (blitz)"]
[EventRounds "10"]
[EventCountry "USA"]
[SourceTitle "EXT 2021"]
[Source "ChessBase"]
[SourceDate "2020.10.23"]
[SourceVersion "1"]
[SourceVersionDate "2020.10.23"]
[SourceQuality "1"]

1. c4 c5 2. Nc3 Nc6 3. g3 g6 4. Bg2 Bg7 5. d3 d6 6. e4 e6 7. Nge2 Nge7 8. 0-0 Kf8 9. Be3 b6 10. Rb1 Bb7 11. Qd2 h6 12. h3 Kg8 13. Kh2 Kh7 14. f4 Nd4 15. g4 f5 16. exf5 exf5 17. Bxb7 1-0

[Event "Titled Tuesday intern op 14th April"]
[Site "Chess.com INT"]
[Date "2020.04.14"]
[Round "7"]
[White "Gang, Kitty"]
[Black "Wahlund, Max"]
[Result "1-0"]
[WhiteElo "2126"]
[BlackElo "2095"]
[PlyCount "45"]
[EventDate "2020.04.14"]
[EventType "swiss (blitz)"]
[EventRounds "10"]
[EventCountry "USA"]
[SourceTitle "EXT 2021"]
[Source "ChessBase"]
[SourceDate "2020.10.23"]
[SourceVersion "1"]
[SourceVersionDate "2020.10.23"]
[SourceQuality "1"]

1. c4 e5 2. Nc3 Nf6 3. g3 g6 4. Bg2 Bg7 5. d3 0-0 6. e4 c5 7. Nge2 d6 8. 0-0 Nc6 9. h3 Be6 10. Kh2 Nd4 11. Rb1 Qd7 12. b4 Nh5 13. f4 f5 14. bxc5 dxc5 15. exf5 gxf5 16. Rxb7 Qc8 17. Rxg7+ Nxg7 18. Bxa8 Qxa8 19. Nxd4 exd4 20. Nb5 Bd7 21. Nc7 Qc6 22. Nd5 Be6 23. Ne7+ 1-0

[Event "Titled Tuesday intern op 14th April"]
[Site "Chess.com INT"]
[Date "2020.04.14"]
[Round "8"]
[White "Naumann, Alexander"]
[Black "Gang, Kitty"]
[Result "1-0"]
[WhiteElo "2539"]
[BlackElo "2126"]
[PlyCount "45"]
[EventDate "2020.04.14"]
[EventType "swiss (blitz)"]
[EventRounds "10"]
[EventCountry "USA"]
[SourceTitle "EXT 2021"]
[Source "ChessBase"]
[SourceDate "2020.10.23"]
[SourceVersion "1"]
[SourceVersionDate "2020.10.23"]
[SourceQuality "1"]

1. e4 e6 2. d4 d5 3. Nd2 c5 4. exd5 Qxd5 5. Ngf3 cxd4 6. Bc4 Qd6 7. 0-0 Nf6 8. Nb3 Nc6 9. Nbxd4 Nxd4 10. Nxd4 a6 11. Re1 Qc7 12. Bf1 Bd6 13. Nf5 Bxh2+ 14. Kh1 Bf4 15. Nxg7+ Kf8 16. Qf3 Bxc1 17. Qxf6 Qf4 18. Nxe6+ Bxe6 19. Qxh8+ Ke7 20. Qxa8 Qxf2 21. Qxb7+ Kf8 22. Qb8+ Ke7 23. Raxc1 1-0